| 000 | 01862nam a2200385 c 4500 | ||
|---|---|---|---|
| 003 | BLK | ||
| 005 | 20180422111830.0 | ||
| 008 | 180409b bul|||||r ||||||| ||bul|| | ||
| 010 | _aKNG00140572000 | ||
| 020 |
_a978-954-28-1078-0 _bиздат.: Сиела Норма |
||
| 040 | _aBLK | ||
| 041 |
_aBUL _cBUL |
||
| 072 | 7 |
_2bullib _aН33 _xИкономика Н |
|
| 080 |
_aСтопански кризи. Депресии _b338.124.4 _x(100) _z338.124.4(100) |
||
| 080 |
_aИндивидуална психология. Психология на личността. Индивидуалност. Психология на характера. Характерология. Психологическа типология _b159.923 _x _z159.923 |
||
| 100 | 1 |
_aМерк, Аксел _eпърви автор _994941 |
|
| 700 | 1 |
_aКръстева, Добринка Петрова _eпрев. от англ. _9370612 |
|
| 139 |
_aМерк, Аксел _bМ 49 |
||
| 245 | 1 | 0 |
_aНаръчник да бъдем стабилни по време на криза _cАксел Мерк; прев. от англ. Добринка Петрова Кръстева. |
| 257 | _aUSA | ||
| 260 |
_аСофия _bСиела Норма _c2012 |
||
| 300 |
_a311 с. _c23 см |
||
| 380 | _a3 | ||
| 500 | _aОриг. загл. Sustainable Wealth / Axel Merk. - Името на прев. отбелязано на гърба на предзагл с. | ||
| 650 | 4 |
_aСтопански кризи - популярна литература _9324484 |
|
| 650 | 4 |
_aЛичност - психология _9243160 |
|
| 653 | _aстопански кризи | ||
| 653 | _aпсихология на личността | ||
| 659 | _aН | ||
| 852 | _aЦб 258702 | ||
| 856 | 4 |
_qpdf _u |
|
| 856 | 4 |
_qpdf _u |
|
| 942 |
_cKNG _n0 |
||
| 944 |
_aCR _c12.03.2013 _lф / _kЛюдмила_Стоянова |
||
| 944 |
_aED _c19.03.2013 _lф / _k |
||
| 999 |
_c134657 _d134657 |
||